Geography by Letter - X - Statistics

General Stats
  • This quiz has been taken 1,014 times
  • The average score is 3 of 15
Answer Stats
Hint Answer % Correct
Home base for the Terracotta Army Xi'an
72%
Nelson Mandela & Miriam Makeba's heritage Xhosa
39%
The Musketeers represent this Cincinnati university Xavier
36%
Unused on a dying U.S. president in Buffalo, 1901 X-ray Machine
31%
Coleridge celebrated its pleasure-dome Xanadu
30%
Copy a map of Connecticut if visiting its HQ Xerox
23%
Hospitable city in Ohio Xenia
19%
No. 1 name for girls born in Mexico in 2013 Ximena
9%
Capital city of Veracruz state Xalapa
8%
A riverine Embraer aircraft Xingu
3%
Canalised borough of Mexico City Xochimilco
3%
China's "Rhinoceros River" Xihan
2%
Double-barreled Brazilian town, named for a cactus Xique-Xique
2%
For example, diamond encased in Kimberlite Xenolith
1%
Highest peak in Min Mountains of Sichuan Xuebaoding
1%
No matching quizzes found
Score Distribution
Percent of People with Each Score
Percentile by Number Answered
Your Score History
You have not taken this quiz